[Event "ODJM A 2024"]
[Site "Willingen GER"]
[Date "2024.05.22"]
[Round "6"]
[White "Schulz, Dennis"]
[Black "Sundui, Chinguun"]
[Result "0-1"]
[Termination "normal"]
[Board "22"]
[WhiteElo "1959"]
[BlackElo "1895"]
[WhiteClock "00:24:37"]
[BlackClock "00:04:30"]
[PlyCount "72"]
[WhiteFideId "16241231"]
[BlackFideId "4907930"]
[EventCountry "GER"]
[EventRounds "9"]
[EventType "swiss"]
[EventDate "2024.05.18"]

1. e4 {[%clk 01:30:58]} {[%emt 00:00:01]} c5 {[%clk 01:30:53]} {[%emt
00:00:07]} 2. Nf3 {[%clk 01:31:25]} {[%emt 00:00:03]} g6 {[%clk 01:31:18]}
{[%emt 00:00:06]} 3. d4 {[%clk 01:31:52]} {[%emt 00:00:03]} cxd4 {[%clk
01:31:44]} {[%emt 00:00:04]} 4. Nxd4 {[%clk 01:32:17]} {[%emt 00:00:06]} Bg7
{[%clk 01:32:07]} {[%emt 00:00:06]} 5. c4 {[%clk 01:32:43]} {[%emt 00:00:04]}
Nc6 {[%clk 01:32:32]} {[%emt 00:00:05]} 6. Be3 {[%clk 01:33:05]} {[%emt
00:00:07]} Qb6 {[%clk 01:32:45]} {[%emt 00:00:17]} 7. Nb3 {[%clk 01:32:19]}
{[%emt 00:01:16]} Qd8 {[%clk 01:33:10]} {[%emt 00:00:05]} 8. Qd2 {[%clk
01:31:15]} {[%emt 00:01:35]} Nf6 {[%clk 01:33:21]} {[%emt 00:00:18]} 9. Nc3
{[%clk 01:31:39]} {[%emt 00:00:06]} d6 {[%clk 01:32:57]} {[%emt 00:00:54]} 10.
f3 {[%clk 01:30:58]} {[%emt 00:01:11]} Bd7 {[%clk 01:30:22]} {[%emt 00:03:06]}
11. Be2 {[%clk 01:31:21]} {[%emt 00:00:06]} a5 {[%clk 01:26:57]} {[%emt
00:03:55]} 12. Nd5 {[%clk 01:29:49]} {[%emt 00:02:02]} Nxd5 {[%clk 01:24:57]}
{[%emt 00:02:30]} 13. cxd5 {[%clk 01:29:15]} {[%emt 00:01:04]} Nb8 {[%clk
01:19:05]} {[%emt 00:06:23]} 14. Rc1 {[%clk 01:27:22]} {[%emt 00:02:22]} O-O
{[%clk 01:15:43]} {[%emt 00:03:52]} 15. Bh6 {[%clk 01:27:32]} {[%emt 00:00:19]}
a4 {[%clk 01:10:21]} {[%emt 00:05:53]} 16. Nd4 {[%clk 01:21:31]} {[%emt
00:06:30]} Na6 {[%clk 00:57:48]} {[%emt 00:13:05]} 17. h4 {[%clk 01:12:38]}
{[%emt 00:09:22]} Qb6 {[%clk 00:51:17]} {[%emt 00:07:01]} 18. Bxg7 {[%clk
01:12:37]} {[%emt 00:00:32]} Kxg7 {[%clk 00:51:02]} {[%emt 00:00:45]} 19. h5
{[%clk 01:12:04]} {[%emt 00:01:02]} Rh8 {[%clk 00:49:19]} {[%emt 00:02:12]} 20.
Qc3 {[%clk 00:53:07]} {[%emt 00:19:28]} f6 {[%clk 00:46:40]} {[%emt 00:03:09]}
21. Bxa6 {[%clk 00:52:44]} {[%emt 00:00:54]} Qxa6 {[%clk 00:38:55]} {[%emt
00:08:15]} 22. Ne6+ {[%clk 00:44:14]} {[%emt 00:08:59]} Bxe6 {[%clk 00:36:14]}
{[%emt 00:03:10]} 23. dxe6 {[%clk 00:44:37]} {[%emt 00:00:08]} Rhe8 {[%clk
00:34:35]} {[%emt 00:02:09]} 24. Qe3 {[%clk 00:42:01]} {[%emt 00:03:05]} Qa5+
{[%clk 00:31:31]} {[%emt 00:03:35]} 25. Qd2 {[%clk 00:37:51]} {[%emt 00:04:40]}
gxh5 {[%clk 00:25:21]} {[%emt 00:06:41]} 26. Rc7 {[%clk 00:36:59]} {[%emt
00:01:22]} Qxc7 {[%emt 00:11:57]} 27. Rxh5 {[%clk 00:37:13]} {[%emt 00:00:14]}
Rh8 {[%clk 00:13:42]} {[%emt 00:00:44]} 28. Qh6+ {[%clk 00:36:24]} {[%emt
00:01:18]} Kg8 {[%clk 00:14:02]} {[%emt 00:00:10]} 29. Rh4 {[%clk 00:33:09]}
{[%emt 00:03:46]} Ra5 {[%clk 00:13:12]} {[%emt 00:01:20]} 30. Rg4+ {[%clk
00:31:38]} {[%emt 00:02:00]} Rg5 {[%clk 00:13:36]} {[%emt 00:00:07]} 31. Qh5
{[%clk 00:32:05]} {[%emt 00:00:02]} Qc1+ {[%clk 00:08:25]} {[%emt 00:05:41]}
32. Kf2 {[%clk 00:32:22]} {[%emt 00:00:13]} Qd2+ {[%clk 00:08:11]} {[%emt
00:00:45]} 33. Kg1 {[%clk 00:26:18]} {[%emt 00:06:33]} Qe1+ {[%clk 00:05:58]}
{[%emt 00:02:44]} 34. Kh2 {[%clk 00:26:34]} {[%emt 00:00:13]} Rg6 {[%clk
00:06:12]} {[%emt 00:00:17]} 35. Qb5 {[%clk 00:24:26]} {[%emt 00:02:38]} Kf8
{[%clk 00:04:26]} {[%emt 00:02:16]} 36. Qd7 {[%clk 00:24:37]} {[%emt 00:00:19]}
Rh6+ {[%clk 00:04:30]} {[%emt 00:00:26]} 0-1

[Event "ODJM A 2024"]
[Site "Willingen GER"]
[Date "2024.05.22"]
[Round "6"]
[White "Weyerer, Noah"]
[Black "Matthes, Benjamin"]
[Result "1-0"]
[Termination "normal"]
[Board "23"]
[WhiteElo "1869"]
[BlackElo "1963"]
[WhiteClock "00:01:12"]
[BlackClock "00:00:32"]
[PlyCount "81"]
[WhiteFideId "16250664"]
[BlackFideId "16227298"]
[EventCountry "GER"]
[EventRounds "9"]
[EventType "swiss"]
[EventDate "2024.05.18"]

1. c4 {[%clk 01:30:58]} {[%emt 00:00:02]} g6 {[%clk 01:07:09]} {[%emt
00:12:29]} 2. Nc3 {[%clk 01:31:20]} {[%emt 00:00:10]} c5 {[%clk 01:07:34]}
{[%emt 00:00:05]} 3. g3 {[%clk 01:31:43]} {[%emt 00:00:08]} Bg7 {[%clk
01:07:59]} {[%emt 00:00:05]} 4. Bg2 {[%clk 01:31:59]} {[%emt 00:00:14]} Nf6
{[%clk 01:07:50]} {[%emt 00:00:39]} 5. e4 {[%clk 01:32:16]} {[%emt 00:00:12]}
Nc6 {[%clk 01:07:28]} {[%emt 00:00:53]} 6. Nge2 {[%clk 01:32:38]} {[%emt
00:00:07]} d6 {[%clk 01:07:50]} {[%emt 00:00:09]} 7. O-O {[%clk 01:32:38]}
{[%emt 00:00:30]} O-O {[%clk 01:08:13]} {[%emt 00:00:07]} 8. h3 {[%clk
01:32:18]} {[%emt 00:00:49]} a6 {[%clk 01:07:06]} {[%emt 00:01:37]} 9. d3
{[%clk 01:31:33]} {[%emt 00:01:15]} Rb8 {[%clk 01:07:32]} {[%emt 00:00:05]} 10.
a4 {[%clk 01:31:39]} {[%emt 00:00:24]} Ne8 {[%clk 01:06:31]} {[%emt 00:01:30]}
11. Be3 {[%clk 01:29:32]} {[%emt 00:02:37]} Nd4 {[%clk 01:04:05]} {[%emt
00:02:57]} 12. Rb1 {[%clk 01:27:48]} {[%emt 00:02:14]} Nc7 {[%clk 00:51:13]}
{[%emt 00:13:22]} 13. b4 {[%clk 01:26:35]} {[%emt 00:01:43]} b5 {[%clk
00:47:15]} {[%emt 00:04:28]} 14. bxc5 {[%clk 01:23:26]} {[%emt 00:03:38]} dxc5
{[%clk 00:45:30]} {[%emt 00:02:16]} 15. axb5 {[%clk 01:23:16]} {[%emt
00:00:40]} axb5 {[%clk 00:44:54]} {[%emt 00:01:06]} 16. cxb5 {[%clk 01:22:21]}
{[%emt 00:01:25]} Nxe2+ {[%clk 00:36:14]} {[%emt 00:09:10]} 17. Nxe2 {[%clk
01:21:01]} {[%emt 00:01:49]} Rxb5 {[%clk 00:25:39]} {[%emt 00:11:06]} 18. Rxb5
{[%clk 01:21:08]} {[%emt 00:00:22]} Nxb5 {[%clk 00:26:05]} {[%emt 00:00:04]}
19. Bxc5 {[%clk 01:20:27]} {[%emt 00:01:12]} Nd4 {[%clk 00:20:39]} {[%emt
00:05:56]} 20. Nf4 {[%clk 01:02:55]} {[%emt 00:18:01]} Re8 {[%clk 00:20:20]}
{[%emt 00:00:49]} 21. Re1 {[%clk 00:52:50]} {[%emt 00:10:36]} Be5 {[%clk
00:18:30]} {[%emt 00:02:19]} 22. Nd5 {[%clk 00:51:18]} {[%emt 00:02:02]} e6
{[%clk 00:17:25]} {[%emt 00:01:35]} 23. Bb6 {[%clk 00:39:27]} {[%emt 00:12:21]}
Qd7 {[%clk 00:16:22]} {[%emt 00:01:34]} 24. Ne3 {[%clk 00:35:18]} {[%emt
00:04:39]} Ba6 {[%clk 00:11:33]} {[%emt 00:05:19]} 25. f4 {[%clk 00:26:38]}
{[%emt 00:09:09]} Bg7 {[%clk 00:09:59]} {[%emt 00:02:04]} 26. e5 {[%clk
00:24:11]} {[%emt 00:02:58]} Rb8 {[%clk 00:07:32]} {[%emt 00:02:57]} 27. Bc5
{[%clk 00:24:13]} {[%emt 00:00:27]} Rc8 {[%clk 00:07:42]} {[%emt 00:00:21]} 28.
Bd6 {[%clk 00:22:51]} {[%emt 00:01:52]} Qb5 {[%clk 00:06:42]} {[%emt 00:01:30]}
29. Nc4 {[%clk 00:21:57]} {[%emt 00:01:24]} Nf5 {[%clk 00:02:39]} {[%emt
00:04:32]} 30. Kh2 {[%clk 00:21:41]} {[%emt 00:00:46]} h5 {[%clk 00:02:39]}
{[%emt 00:00:31]} 31. Qa1 {[%clk 00:19:19]} {[%emt 00:02:52]} Qb3 {[%clk
00:00:31]} {[%emt 00:02:37]} 32. Qxa6 {[%clk 00:18:16]} {[%emt 00:01:34]} Re8
{[%clk 00:00:32]} {[%emt 00:00:29]} 33. Qc6 {[%clk 00:16:49]} {[%emt 00:01:57]}
Qxd3 {[%clk 00:00:32]} {[%emt 00:00:30]} 34. Qxe8+ {[%clk 00:16:10]} {[%emt
00:01:08]} Kh7 {[%clk 00:01:01]} {[%emt 00:00:01]} 35. Ne3 {[%clk 00:12:35]}
{[%emt 00:04:06]} Nxe3 {[%clk 00:00:54]} {[%emt 00:00:37]} 36. Rxe3 {[%clk
00:12:57]} {[%emt 00:00:08]} Qxe3 {[%clk 00:01:09]} {[%emt 00:00:15]} 37. Be7
{[%clk 00:12:13]} {[%emt 00:01:12]} g5 {[%clk 00:00:41]} {[%emt 00:00:59]} 38.
Bxg5 {[%clk 00:12:24]} {[%emt 00:00:20]} Kg6 {[%clk 00:01:01]} {[%emt
00:00:10]} 39. Qa4 {[%clk 00:11:59]} {[%emt 00:04:11]} Bxe5 {[%clk 00:00:45]}
{[%emt 00:00:02]} 40. h4 {[%clk 00:01:02]} {[%emt 00:09:57]} Bd4 {[%clk
00:00:32]} {[%emt 00:00:06]} 41. f5+ {[%clk 00:01:12]} {[%emt 00:00:02]} 1-0

[Event "ODJM A 2024"]
[Site "Willingen GER"]
[Date "2024.05.22"]
[Round "6"]
[White "Mehner, Lorenz"]
[Black "Ruddat, Jarne"]
[Result "1/2-1/2"]
[Termination "normal"]
[Board "24"]
[WhiteElo "1799"]
[BlackElo "1854"]
[WhiteClock "00:25:57"]
[BlackClock "00:21:23"]
[PlyCount "81"]
[WhiteFideId "16293096"]
[BlackFideId "16254236"]
[EventCountry "GER"]
[EventRounds "9"]
[EventType "swiss"]
[EventDate "2024.05.18"]

1. d4 {[%clk 01:30:58]} {[%emt 00:00:01]} Nf6 {[%clk 01:30:55]} {[%emt
00:00:05]} 2. c4 {[%clk 01:31:26]} {[%emt 00:00:03]} g6 {[%clk 01:31:21]}
{[%emt 00:00:03]} 3. f3 {[%clk 01:31:48]} {[%emt 00:00:08]} d5 {[%clk
01:31:42]} {[%emt 00:00:09]} 4. cxd5 {[%clk 01:32:13]} {[%emt 00:00:06]} Nxd5
{[%clk 01:32:06]} {[%emt 00:00:06]} 5. e4 {[%clk 01:32:31]} {[%emt 00:00:11]}
Nb6 {[%clk 01:32:31]} {[%emt 00:00:05]} 6. Nc3 {[%clk 01:32:51]} {[%emt
00:00:10]} Bg7 {[%clk 01:32:54]} {[%emt 00:00:06]} 7. Be3 {[%clk 01:33:16]}
{[%emt 00:00:06]} O-O {[%clk 01:33:17]} {[%emt 00:00:07]} 8. Qd2 {[%clk
01:33:34]} {[%emt 00:00:12]} Nc6 {[%clk 01:33:27]} {[%emt 00:00:19]} 9. O-O-O
{[%clk 01:32:48]} {[%emt 00:01:16]} Qd6 {[%clk 01:33:39]} {[%emt 00:00:20]} 10.
Kb1 {[%clk 01:23:57]} {[%emt 00:09:21]} Rd8 {[%clk 01:31:48]} {[%emt 00:02:20]}
11. Nb5 {[%clk 01:24:10]} {[%emt 00:00:18]} Qd7 {[%clk 01:31:45]} {[%emt
00:00:32]} 12. d5 {[%clk 01:24:07]} {[%emt 00:00:34]} a6 {[%clk 01:20:11]}
{[%emt 00:12:04]} 13. dxc6 {[%clk 01:07:06]} {[%emt 00:17:30]} Qxd2 {[%clk
01:20:24]} {[%emt 00:00:16]} 14. Rxd2 {[%clk 01:07:24]} {[%emt 00:00:12]} Rxd2
{[%clk 01:20:50]} {[%emt 00:00:05]} 15. Bxd2 {[%clk 01:07:46]} {[%emt
00:00:09]} axb5 {[%clk 01:21:17]} {[%emt 00:00:03]} 16. Bxb5 {[%clk 01:06:16]}
{[%emt 00:01:59]} bxc6 {[%clk 01:21:26]} {[%emt 00:00:21]} 17. Bxc6 {[%clk
01:03:02]} {[%emt 00:03:44]} Rb8 {[%clk 01:20:03]} {[%emt 00:01:53]} 18. b3
{[%clk 00:56:38]} {[%emt 00:06:55]} Ba6 {[%clk 01:03:14]} {[%emt 00:17:18]} 19.
Nh3 {[%clk 00:56:02]} {[%emt 00:01:05]} Rd8 {[%clk 01:02:04]} {[%emt 00:01:41]}
20. Bf4 {[%clk 00:45:31]} {[%emt 00:11:01]} e5 {[%clk 00:46:44]} {[%emt
00:15:50]} 21. Be3 {[%clk 00:18:53]} {[%emt 00:27:07]} Rd6 {[%clk 00:39:56]}
{[%emt 00:07:18]} 22. Rc1 {[%clk 00:14:10]} {[%emt 00:09:09]} Nc4 {[%clk
00:36:29]} {[%emt 00:00:21]} 23. bxc4 {[%clk 00:12:45]} {[%emt 00:01:37]} Rxc6
{[%clk 00:36:54]} {[%emt 00:00:05]} 24. c5 {[%clk 00:12:46]} {[%emt 00:00:27]}
Bd3+ {[%clk 00:36:49]} {[%emt 00:00:36]} 25. Kb2 {[%clk 00:11:57]} {[%emt
00:01:20]} f5 {[%clk 00:37:14]} {[%emt 00:00:04]} 26. Nf2 {[%clk 00:10:45]}
{[%emt 00:01:42]} fxe4 {[%clk 00:37:14]} {[%emt 00:00:31]} 27. Nxe4 {[%clk
00:10:25]} {[%emt 00:00:50]} Ra6 {[%clk 00:35:52]} {[%emt 00:01:51]} 28. Kb3
{[%clk 00:09:36]} {[%emt 00:01:20]} Bb5 {[%clk 00:35:24]} {[%emt 00:00:56]} 29.
a3 {[%clk 00:09:03]} {[%emt 00:01:03]} h6 {[%clk 00:34:06]} {[%emt 00:01:48]}
30. Kb4 {[%clk 00:08:25]} {[%emt 00:01:09]} Bc6 {[%clk 00:34:20]} {[%emt
00:00:15]} 31. Rd1 {[%clk 00:05:28]} {[%emt 00:03:26]} Ra4+ {[%clk 00:34:14]}
{[%emt 00:00:37]} 32. Kb3 {[%clk 00:05:33]} {[%emt 00:00:25]} Ra8 {[%clk
00:34:22]} {[%emt 00:00:23]} 33. Rd2 {[%clk 00:03:59]} {[%emt 00:02:04]} g5
{[%clk 00:34:23]} {[%emt 00:00:28]} 34. Nc3 {[%clk 00:03:25]} {[%emt 00:01:03]}
Rb8+ {[%clk 00:33:37]} {[%emt 00:01:16]} 35. Ka2 {[%clk 00:03:06]} {[%emt
00:00:50]} e4 {[%clk 00:25:34]} {[%emt 00:08:34]} 36. Nxe4 {[%clk 00:02:35]}
{[%emt 00:01:00]} Bd5+ {[%clk 00:19:44]} {[%emt 00:06:19]} 37. Rxd5 {[%clk
00:02:34]} {[%emt 00:00:32]} Rb2+ {[%clk 00:20:10]} {[%emt 00:03:18]} 38. Ka1
{[%clk 00:02:53]} Rb4+ {[%clk 00:20:30]} 39. Ka2 {[%clk 00:01:55]} {[%emt
00:00:07]} Rb2+ {[%clk 00:20:56]} 40. Ka1 {[%clk 00:02:17]} {[%emt 00:00:01]}
Rb4+ {[%clk 00:21:23]} 41. Ka2 {[%clk 00:25:57]} {[%emt 00:05:30]} 1/2-1/2

[Event "ODJM A 2024"]
[Site "Willingen GER"]
[Date "2024.05.22"]
[Round "6"]
[White "Schulz, Tim"]
[Black "Seitz, Manuel"]
[Result "1/2-1/2"]
[Termination "normal"]
[Board "25"]
[WhiteElo "1850"]
[BlackElo "1882"]
[WhiteClock "00:01:14"]
[BlackClock "00:02:11"]
[PlyCount "81"]
[WhiteFideId "34629165"]
[BlackFideId "16215770"]
[EventCountry "GER"]
[EventRounds "9"]
[EventType "swiss"]
[EventDate "2024.05.18"]

1. d4 {[%clk 01:30:57]} {[%emt 00:00:03]} Nf6 {[%clk 01:30:53]} {[%emt
00:00:08]} 2. Nf3 {[%clk 01:31:24]} {[%emt 00:00:02]} d5 {[%clk 01:31:03]}
{[%emt 00:00:20]} 3. e3 {[%clk 01:31:47]} {[%emt 00:00:07]} c5 {[%clk
01:30:48]} {[%emt 00:00:46]} 4. Nbd2 {[%clk 01:31:12]} {[%emt 00:01:04]} cxd4
{[%clk 01:29:59]} {[%emt 00:01:19]} 5. exd4 {[%clk 01:31:31]} {[%emt 00:00:10]}
Nc6 {[%clk 01:29:54]} {[%emt 00:00:36]} 6. c3 {[%clk 01:30:31]} {[%emt
00:01:31]} Bf5 {[%clk 01:28:29]} {[%emt 00:01:54]} 7. Bb5 {[%clk 01:29:07]}
{[%emt 00:01:54]} a6 {[%clk 01:26:29]} {[%emt 00:02:31]} 8. Bxc6+ {[%clk
01:28:16]} {[%emt 00:01:22]} bxc6 {[%clk 01:26:52]} {[%emt 00:00:07]} 9. Qa4
{[%clk 01:26:31]} {[%emt 00:02:15]} Qb6 {[%clk 01:25:45]} {[%emt 00:01:36]} 10.
Ne5 {[%clk 01:25:36]} {[%emt 00:01:25]} Qb5 {[%clk 01:24:19]} {[%emt 00:01:57]}
11. Qxb5 {[%clk 01:24:26]} {[%emt 00:01:40]} cxb5 {[%clk 01:23:25]} {[%emt
00:01:24]} 12. Nb3 {[%clk 01:18:38]} {[%emt 00:06:17]} e6 {[%clk 01:19:48]}
{[%emt 00:04:06]} 13. f3 {[%clk 01:12:49]} {[%emt 00:06:19]} Bd6 {[%clk
01:14:23]} {[%emt 00:05:55]} 14. Kd1 {[%clk 01:00:59]} {[%emt 00:12:20]} h6
{[%clk 01:04:47]} {[%emt 00:10:05]} 15. g4 {[%clk 00:58:10]} {[%emt 00:03:20]}
Bh7 {[%clk 01:02:30]} {[%emt 00:02:47]} 16. h4 {[%clk 00:54:46]} {[%emt
00:03:54]} Bxe5 {[%clk 00:57:04]} {[%emt 00:05:57]} 17. dxe5 {[%clk 00:54:45]}
{[%emt 00:00:30]} Nd7 {[%clk 00:57:02]} {[%emt 00:00:31]} 18. Re1 {[%clk
00:52:10]} {[%emt 00:03:05]} Ke7 {[%clk 00:54:55]} {[%emt 00:02:37]} 19. Be3
{[%clk 00:49:34]} {[%emt 00:03:06]} Rhc8 {[%clk 00:53:46]} {[%emt 00:01:39]}
20. Bf2 {[%clk 00:44:37]} {[%emt 00:05:27]} a5 {[%clk 00:49:55]} {[%emt
00:04:22]} 21. Bd4 {[%clk 00:36:08]} {[%emt 00:08:59]} b4 {[%clk 00:47:30]}
{[%emt 00:02:54]} 22. Rc1 {[%clk 00:33:06]} {[%emt 00:03:31]} bxc3 {[%clk
00:41:13]} {[%emt 00:06:47]} 23. Rxc3 {[%clk 00:32:45]} {[%emt 00:00:51]} a4
{[%clk 00:37:06]} {[%emt 00:04:37]} 24. Nc5 {[%clk 00:24:30]} {[%emt 00:08:44]}
Nxc5 {[%clk 00:34:11]} {[%emt 00:03:26]} 25. Rxc5 {[%clk 00:21:01]} {[%emt
00:06:06]} Rxc5 {[%clk 00:32:23]} {[%emt 00:00:16]} 26. Bxc5+ {[%clk 00:21:27]}
Kd7 {[%clk 00:32:43]} {[%emt 00:00:10]} 27. Re3 {[%clk 00:20:55]} {[%emt
00:01:00]} Rc8 {[%clk 00:29:38]} {[%emt 00:03:35]} 28. Rc3 {[%clk 00:21:07]}
{[%emt 00:00:18]} Rb8 {[%clk 00:28:33]} {[%emt 00:01:35]} 29. Kc1 {[%clk
00:20:36]} {[%emt 00:01:02]} Bg6 {[%clk 00:25:58]} {[%emt 00:03:05]} 30. h5
{[%clk 00:17:17]} {[%emt 00:03:49]} Bh7 {[%clk 00:25:47]} {[%emt 00:00:41]} 31.
Bd6 {[%clk 00:17:08]} {[%emt 00:00:40]} Rb7 {[%clk 00:23:54]} {[%emt 00:02:23]}
32. Bf8 {[%clk 00:16:18]} {[%emt 00:01:19]} g6 {[%clk 00:21:58]} {[%emt
00:02:26]} 33. Bxh6 {[%clk 00:14:09]} {[%emt 00:02:38]} gxh5 {[%clk 00:21:56]}
{[%emt 00:00:33]} 34. gxh5 {[%clk 00:14:06]} {[%emt 00:00:33]} Rb4 {[%clk
00:19:00]} {[%emt 00:03:26]} 35. Bg5 {[%clk 00:11:35]} {[%emt 00:02:58]} d4
{[%clk 00:12:33]} {[%emt 00:07:01]} 36. Rc5 {[%clk 00:10:25]} {[%emt 00:01:38]}
d3 {[%clk 00:12:07]} {[%emt 00:00:57]} 37. a3 {[%clk 00:04:40]} {[%emt
00:06:16]} Rb6 {[%clk 00:06:59]} {[%emt 00:07:36]} 38. Rc4 {[%clk 00:02:51]}
{[%emt 00:00:19]} Rc6 {[%clk 00:02:42]} {[%emt 00:04:48]} 39. Rxc6 {[%clk
00:02:31]} {[%emt 00:00:50]} Kxc6 {[%clk 00:03:07]} {[%emt 00:00:05]} 40. Kd2
{[%clk 00:02:36]} {[%emt 00:00:25]} Kd5 {[%clk 00:02:11]} {[%emt 00:01:27]} 41.
Bf4 {[%clk 00:01:14]} {[%emt 00:01:47]} 1/2-1/2

[Event "ODJM A 2024"]
[Site "Willingen GER"]
[Date "2024.05.22"]
[Round "6"]
[White "Werner, Florin"]
[Black "Mörke, Niklas"]
[Result "1-0"]
[Termination "normal"]
[Board "26"]
[WhiteElo "1893"]
[BlackElo "1879"]
[WhiteClock "01:09:09"]
[BlackClock "00:56:42"]
[PlyCount "57"]
[WhiteFideId "16250230"]
[BlackFideId "12982350"]
[EventCountry "GER"]
[EventRounds "9"]
[EventType "swiss"]
[EventDate "2024.05.18"]

1. e4 {[%clk 01:30:55]} {[%emt 00:00:04]} e5 {[%clk 01:30:56]} {[%emt
00:00:05]} 2. Nf3 {[%clk 01:31:20]} {[%emt 00:00:04]} Nc6 {[%clk 01:31:23]}
{[%emt 00:00:03]} 3. Bb5 {[%clk 01:31:46]} {[%emt 00:00:05]} Nf6 {[%clk
01:31:47]} {[%emt 00:00:06]} 4. O-O {[%clk 01:32:13]} {[%emt 00:00:03]} Nxe4
{[%clk 01:32:09]} {[%emt 00:00:08]} 5. Re1 {[%clk 01:32:41]} {[%emt 00:00:03]}
Nd6 {[%clk 01:32:24]} {[%emt 00:00:14]} 6. Nxe5 {[%clk 01:33:09]} {[%emt
00:00:03]} Nxe5 {[%clk 01:31:49]} {[%emt 00:01:05]} 7. Rxe5+ {[%clk 01:33:33]}
{[%emt 00:00:06]} Be7 {[%clk 01:32:10]} {[%emt 00:00:08]} 8. Bf1 {[%clk
01:34:00]} {[%emt 00:00:03]} O-O {[%clk 01:31:00]} {[%emt 00:01:39]} 9. d4
{[%clk 01:34:20]} {[%emt 00:00:10]} Bf6 {[%clk 01:29:18]} {[%emt 00:02:12]} 10.
Re1 {[%clk 01:34:47]} {[%emt 00:00:04]} Nf5 {[%clk 01:28:38]} {[%emt 00:01:08]}
11. c3 {[%clk 01:30:30]} {[%emt 00:04:48]} d5 {[%clk 01:24:26]} {[%emt
00:04:42]} 12. Bf4 {[%clk 01:29:04]} {[%emt 00:01:56]} Nd6 {[%clk 01:20:45]}
{[%emt 00:04:11]} 13. Bd3 {[%clk 01:28:36]} {[%emt 00:00:58]} Re8 {[%clk
01:18:47]} {[%emt 00:02:28]} 14. Rxe8+ {[%clk 01:28:10]} {[%emt 00:00:57]} Qxe8
{[%clk 01:18:19]} {[%emt 00:00:58]} 15. Bxd6 {[%clk 01:28:26]} {[%emt
00:00:14]} cxd6 {[%clk 01:18:38]} {[%emt 00:00:12]} 16. Na3 {[%clk 01:27:28]}
{[%emt 00:01:27]} a6 {[%clk 01:16:56]} {[%emt 00:02:12]} 17. Qh5 {[%clk
01:25:18]} {[%emt 00:02:40]} g6 {[%clk 01:14:53]} {[%emt 00:02:33]} 18. Qxd5
{[%clk 01:25:30]} {[%emt 00:00:19]} Qe6 {[%clk 01:12:26]} {[%emt 00:02:56]} 19.
Bc4 {[%clk 01:23:59]} {[%emt 00:02:01]} Qe7 {[%clk 01:08:19]} {[%emt 00:04:37]}
20. Qf3 {[%clk 01:19:00]} {[%emt 00:05:29]} Rb8 {[%clk 01:08:01]} {[%emt
00:00:48]} 21. Kf1 {[%clk 01:18:07]} {[%emt 00:01:24]} Bg7 {[%clk 01:04:55]}
{[%emt 00:03:37]} 22. Re1 {[%clk 01:18:22]} {[%emt 00:00:15]} Qd7 {[%clk
01:04:28]} {[%emt 00:00:56]} 23. Bd5 {[%clk 01:12:12]} {[%emt 00:06:40]} Kf8
{[%clk 01:01:46]} {[%emt 00:03:12]} 24. Nc4 {[%clk 01:10:35]} {[%emt 00:02:07]}
f5 {[%clk 00:57:55]} {[%emt 00:04:21]} 25. Qf4 {[%clk 01:11:01]} {[%emt
00:00:04]} b5 {[%clk 00:56:56]} {[%emt 00:01:29]} 26. Nxd6 {[%clk 01:08:31]}
{[%emt 00:03:00]} Bb7 {[%clk 00:56:29]} {[%emt 00:00:57]} 27. Nxb7 {[%clk
01:08:24]} {[%emt 00:00:37]} Rxb7 {[%clk 00:56:17]} {[%emt 00:00:41]} 28. Bxb7
{[%clk 01:08:45]} {[%emt 00:00:10]} Qxb7 {[%clk 00:56:42]} {[%emt 00:00:05]}
29. Qd6+ {[%clk 01:09:09]} {[%emt 00:00:06]} 1-0